| 000 | 00820nam a2200229 a 4500 | ||
|---|---|---|---|
| 001 | BRL_1050 | ||
| 005 | 20190320211019.0 | ||
| 008 | 051113s1982----mx-ao#####---#000-0#spa-# | ||
| 041 | _aspa | ||
| 044 | _amx | ||
| 050 | 4 |
_aNK9900.7.M6 _b.T45 1982 |
|
| 100 | 1 |
_aThiele, Eva-María _925682 |
|
| 245 | 1 | 0 |
_aEl maque _bestudio histórico sobre un bello arte _cEva-Maria Thiele. |
| 260 |
_aMéxico _bInstituto Michoacano de cultura : Casa de las Artesanías del Estado de Michoacán : Fondo para Actividades Sociales y Culturales de Michoacán _c1982 |
||
| 300 |
_axiv, 82 p. _bil. (algunas a color) _c24 cm. |
||
| 500 | _aEj.1 Au1182; Ej.2 Au1181 | ||
| 500 | _aLa biblioteca cuenta con 2 ejemplares | ||
| 504 | _aBibliografía: p. 75-77 | ||
| 650 | 1 | 4 |
_aLacas y laqueado _zMéxico _925683 |
| 902 | _aGRL | ||
| 942 |
_2lcc _cB |
||
| 999 |
_c9862 _d9862 |
||